Class struggle and identity politics : (Record no. 751220)

MARC details
000 -LEADER
fixed length control field 00856cam a22002058i 4500
020 ## - INTERNATIONAL STANDARD BOOK NUMBER
ISBN 9781032751580
082 00 - DEWEY DECIMAL CLASSIFICATION NUMBER
Classification number 306.2 LEG/C
100 1# - MAIN ENTRY--AUTHOR NAME
Personal name Léger, Marc James,
245 10 - TITLE STATEMENT
Title Class struggle and identity politics :
Sub Title a guide /
Statement of responsibility, etc by Marc James Léger.
260 ## - PUBLICATION, DISTRIBUTION, ETC. (IMPRINT)
Place of publication . - New York
Name of publisher : Routledge
Year of publication , 2024
300 ## - PHYSICAL DESCRIPTION
Number of Pages 268 pages
504 ## - BIBLIOGRAPHY, ETC. NOTE
Bibliography, etc Includes bibliographical references and index.
520 ## - SUMMARY, ETC.
Summary, etc "Class Struggle and Identity Politics explores the historical, cultural, political and economic developments since the postwar era, providing the reader with everything they wanted to know but were afraid to ask about the campus wars"--
650 #0 - SUBJECT ADDED ENTRY--TOPICAL TERM
Topical Term Identity politics.
650 #0 - SUBJECT ADDED ENTRY--TOPICAL TERM
Topical Term Politics and culture.
650 #0 - SUBJECT ADDED ENTRY--TOPICAL TERM
Topical Term Social classes
650 #0 - SUBJECT ADDED ENTRY--TOPICAL TERM
Topical Term Political sociology.
942 ## - ADDED ENTRY ELEMENTS (KOHA)
Source of classification or shelving scheme Dewey Decimal Classification
Koha item type Book
Holdings
Withdrawn status Lost status Source of classification or shelving scheme Damaged status Not for loan Home Library Current Location Date acquired Full call number Accession Number Price effective from Koha item type
    Dewey Decimal Classification     Dept. of Political Science Dept. of Political Science 25/02/2025 306.2 LEG/C POL23754 10/09/2025 Book